| 000 | 01137nam a2200241 a 4500 | ||
|---|---|---|---|
| 001 | BRCA_881 | ||
| 005 | 20190320203206.0 | ||
| 008 | 980102s1997 sp-a---##b---#001-0#spa-d | ||
| 020 | _a848991303X | ||
| 040 |
_aDLC _cDLC |
||
| 050 | 4 |
_aNK7142 _b.C78 1997 |
|
| 100 | 1 |
_aCruz Valdovinos, José Manuel _d1943- _92201 |
|
| 245 | 1 | 0 |
_aPlatería europea en España, 1300-1700 _cJosé Manuel Cruz Valdovinos. |
| 260 |
_a[Madrid] _bFundación Central Hispano _c1997 |
||
| 300 |
_a378 p. _bil. a color _c30 cm. |
||
| 500 | _aIncluye relación por orden alfabético de los plateros artífices de las obras estudiadas con su número de catálogo, índice por orden alfabético de localidades, de las sedes y colecciones donde se conservan las piezas expuestas | ||
| 500 | _aCatálogo de la exposición realizada en la Fundación Hispano Central, Sala de Exposiciones, 15 octubre - 14 diciembre, 1997 | ||
| 504 | _aIncluye referencias bibliográficas | ||
| 650 | 1 | 4 |
_aTrabajos en plata _vExposiciones _zEuropa _92934 |
| 650 | 1 | 4 |
_aOrfebrería _vExposiciones _zEuropa _92935 |
| 650 | 1 | 4 |
_aPlata de la iglesia _vExposiciones _zEuropa _92936 |
| 942 |
_2lcc _cB |
||
| 999 |
_c776 _d776 |
||